OWOCE Z JEDNĄ PESTKĄ - Statystyki

Ogólne statystyki
  • Ten quiz został rozwiązany 208 razy
  • Średni wynik to 4 z 6
Statystyki odpowiedzi
Odpowiedź % Poprawnych
BRZOSKWINIA
87%
ŚLIWKA
81%
WIŚNIA
76%
AWOKADO
73%
MORELA
63%
NEKTARYNKA
56%
Nie znaleziono quizów pasujących do podanych kryteriów
Rozkład punktacji
Procent ludzi z każdym wynikiem
Percentyl według liczby udzielonych odpowiedzi
Twoja historia wyników
Nie rozwiązałeś tego quizu